[Event "FIDE World Bl Team Pool B"]
[Site "London ENG"]
[Date "2025.06.14"]
[Round "9.5"]
[White "Efroimski, Marsel"]
[Black "Injac, Teodora"]
[Result "1/2-1/2"]
[WhiteTitle "IM"]
[BlackTitle "IM"]
[WhiteElo "2372"]
[BlackElo "2457"]
[WhiteTeam "Rishon LeZion Chess Club"]
[BlackTeam "Freedom"]
[WhiteFideId "2810964"]
[BlackFideId "932400"]
[EventDate "2025.06.14"]
[EventType "team"]

1. e4 e5 2. Nf3 Nc6 3. Bb5 a6 4. Ba4 d6 5. Nc3 Nf6 6. Bxc6+ bxc6 7. d4 exd4 8.
Nxd4 c5 9. Nc6 Qd7 10. Na5 Be7 11. O-O O-O 12. Re1 Bd8 13. Bf4 Qg4 14. Qxg4 Bxg4
15. Nc6 Nh5 16. Bd2 Bd7 17. Nxd8 Rfxd8 18. Nd5 c6 19. Nb6 Rab8 20. Nxd7 Rxd7 21.
Bc3 Nf4 22. g3 Ne6 23. b3 Nd4 24. Bxd4 cxd4 25. Rad1 c5 26. e5 Kf8 27. exd6 Rxd6
28. Re5 Rc8 29. c3 f6 30. Re2 Rcd8 31. cxd4 cxd4 32. Rd3 Kf7 33. Kf1 h5 34. f4
Rd5 35. Rc2 Kg6 36. Kf2 Kf5 37. Kf3 Re8 38. Rc4 Red8 39. h3 a5 40. g4+ hxg4+ 41.
hxg4+ Kg6 42. Ke4 R5d7 43. Rcxd4 Re8+ 44. Kf3 Rc7 45. Rd5 Rc2 46. Rd2 Rc3+ 47.
R5d3 Rc1 48. f5+ Kg5 49. Rd7 Rc3+ 50. Kg2 Kxg4 51. Rxg7+ Kxf5 52. Rgd7 Rce3 53.
R7d5+ R8e5 54. Kf2 Re4 55. Rxe5+ Rxe5 56. Kf3 Rc5 57. Rd3 1/2-1/2

[Event "FIDE World Bl Team Pool B"]
[Site "London ENG"]
[Date "2025.06.14"]
[Round "9.6"]
[White "Mani, Sarbartho"]
[Black "Lapushnian, Eran"]
[Result "1/2-1/2"]
[WhiteElo "1847"]
[BlackElo "1993"]
[WhiteTeam "Freedom"]
[BlackTeam "Rishon LeZion Chess Club"]
[WhiteFideId "366112022"]
[BlackFideId "2811952"]
[EventDate "2025.06.14"]
[EventType "team"]

1. d4 Nf6 2. Nf3 g6 3. g3 Bg7 4. Bg2 O-O 5. O-O c6 6. Nbd2 d5 7. b3 Na6 8. Bb2
Bf5 9. Re1 Nb4 10. Rc1 Nxa2 11. Ra1 Nb4 12. Rc1 Na2 13. Ra1 Nb4 14. Rc1 Na2 1/2-1/2

[Event "FIDE World Bl Team Pool B"]
[Site "London ENG"]
[Date "2025.06.14"]
[Round "9.1"]
[White "Murzin, Volodar"]
[Black "O'Gorman, Tom"]
[Result "1-0"]
[WhiteTitle "GM"]
[BlackTitle "IM"]
[WhiteElo "2666"]
[BlackElo "2379"]
[WhiteTeam "Hexamind Chess Team"]
[BlackTeam "Oxbridge"]
[WhiteFideId "44155573"]
[BlackFideId "2508249"]
[EventDate "2025.06.14"]
[EventType "team"]

1. d4 d5 2. Nf3 Nf6 3. Bf4 e6 4. e3 c5 5. Nbd2 Nc6 6. c3 cxd4 7. exd4 Nh5 8. Be3
Bd6 9. Ne5 g6 10. Nd3 O-O 11. g3 b6 12. Bg2 Ba6 13. Nf3 Ng7 14. O-O Nf5 15. Bc1
Qc7 16. Re1 Rae8 17. Bf4 Bxd3 18. Bxd6 Nxd6 19. Qxd3 Nc4 20. Re2 b5 21. h4 b4
22. Rc1 bxc3 23. Qxc3 Qb6 24. b3 Nd6 25. Qc5 Nb4 26. Qxb6 axb6 27. a3 Na6 28.
Rc6 Nc8 29. Ne5 Nb8 30. Rc7 Nd6 31. a4 Rc8 32. Rec2 Rxc7 33. Rxc7 Rc8 34. Ra7
Nc6 35. Ra6 Nxd4 36. Rxb6 N6f5 37. Bf1 Rc1 38. a5 Ra1 39. a6 Nc2 40. b4 Nfd4 41.
b5 Ne2+ 42. Kg2 Ne1+ 43. Kh2 Nd4 44. Rb7 Ndf3+ 45. Nxf3 Nxf3+ 46. Kg2 Ne1+ 47.
Kh3 d4 48. a7 Kg7 49. b6 d3 50. Rd7 e5 51. Bxd3 Nf3 52. Be4 1-0

[Event "FIDE World Bl Team Pool B"]
[Site "London ENG"]
[Date "2025.06.14"]
[Round "9.2"]
[White "Goh, Jinghan Cameron"]
[Black "Giri, Anish"]
[Result "0-1"]
[BlackTitle "GM"]
[WhiteElo "2178"]
[BlackElo "2748"]
[WhiteTeam "Oxbridge"]
[BlackTeam "Hexamind Chess Team"]
[WhiteFideId "5804540"]
[BlackFideId "24116068"]
[EventDate "2025.06.14"]
[EventType "team"]

1. d4 Nf6 2. c4 e6 3. g3 Bb4+ 4. Nd2 d5 5. Bg2 O-O 6. Nf3 b6 7. O-O Bb7 8. a3
Be7 9. cxd5 exd5 10. b4 a5 11. b5 c6 12. Qa4 cxb5 13. Qxb5 Ba6 14. Qb2 Bxe2 15.
Re1 Ba6 16. Ne5 a4 17. Nb1 Ne4 18. Nc3 Nxc3 19. Qxc3 Ra7 20. Bf4 f6 21. Nc6 Nxc6
22. Qxc6 Bc4 23. Rab1 b5 24. Bf1 Qd7 25. Qxd7 Rxd7 26. Bxc4 bxc4 27. Bc1 Kf7 28.
Rb5 Ra8 29. f4 Raa7 30. f5 g6 31. g4 gxf5 32. gxf5 Rab7 33. Ra5 Rb3 34. Rxa4 Rd3
35. Ra8 Rxd4 36. a4 Rg4+ 37. Kf2 d4 38. a5 d3 39. Bd2 Rd5 40. Kf3 Rgd4 41. Ra7
Rxf5+ 42. Kg3 Re5 43. Rxe5 fxe5 44. Bg5 d2 45. Rxe7+ Kf8 46. Bxd2 Kxe7 47. Bc3
Rd3+ 0-1

[Event "FIDE World Bl Team Pool B"]
[Site "London ENG"]
[Date "2025.06.14"]
[Round "9.3"]
[White "Vidit, Santosh Gujrathi"]
[Black "Ratnesan, Ranesh"]
[Result "1/2-1/2"]
[WhiteTitle "GM"]
[BlackTitle "CM"]
[WhiteElo "2720"]
[BlackElo "2138"]
[WhiteTeam "Hexamind Chess Team"]
[BlackTeam "Oxbridge"]
[WhiteFideId "5029465"]
[BlackFideId "439339"]
[EventDate "2025.06.14"]
[EventType "team"]

1. d4 d5 2. Nf3 Nf6 3. c4 e6 4. Nc3 Be7 5. cxd5 exd5 6. Bf4 c6 7. e3 Bf5 8. h3
h6 9. Bd3 Bxd3 10. Qxd3 Nbd7 11. O-O O-O 12. a3 a5 13. Bg3 Re8 14. Ne5 Bf8 15.
f4 Nh5 16. Bh2 Nhf6 17. g4 Nxe5 18. fxe5 Nd7 19. e4 dxe4 20. Qxe4 Qg5 21. Qf5
Qxf5 22. gxf5 Nb6 23. Rfd1 Rad8 24. Kf2 Nd5 25. Kf3 c5 26. Nxd5 Rxd5 27. dxc5
Rxc5 28. Rac1 Rb5 29. Rc2 Rb3+ 30. Kg2 b6 31. Rd7 Bc5 32. h4 Re3 33. Bf4 Re4 34.
Kf3 Re1 35. Rg2 Rf1+ 36. Ke4 Kh8 37. Re2 Kg8 38. Rd3 Rh1 39. Bg3 Rb1 40. Kf3 Rc1
41. h5 Rb1 42. Kg4 Rg1 43. Rf3 Kh7 44. Kh3 Rh1+ 45. Rh2 Rb1 46. Rg2 Rh1+ 47. Rh2
Rb1 48. Bf4 Re1 49. Rg3 Bd4 50. Rhg2 Rg8 51. f6 g5 52. hxg6+ Rxg6 53. Rxg6 fxg6
54. f7 Kg7 55. Rxg6+ Kxf7 56. Rf6+ Ke7 57. Kg4 Bxe5 58. Bxe5 Rxe5 59. Rxb6 h5+
60. Kf4 Rc5 61. b4 axb4 62. axb4 Rd5 63. Kg3 Kd7 64. Kh4 Kc7 65. Rh6 Rd4+ 66.
Kxh5 Rxb4 67. Rg6 Rb5+ 68. Rg5 Rxg5+ 69. Kxg5 1/2-1/2

[Event "FIDE World Bl Team Pool B"]
[Site "London ENG"]
[Date "2025.06.14"]
[Round "9.4"]
[White "Rushbrooke, Remy"]
[Black "Dominguez Perez, Leinier"]
[Result "0-1"]
[BlackTitle "GM"]
[WhiteElo "2090"]
[BlackElo "2738"]
[WhiteTeam "Oxbridge"]
[BlackTeam "Hexamind Chess Team"]
[WhiteFideId "443590"]
[BlackFideId "3503240"]
[EventDate "2025.06.14"]
[EventType "team"]

1. Nf3 c5 2. g3 Nf6 3. Bg2 Nc6 4. c4 d5 5. cxd5 Nxd5 6. d4 cxd4 7. Nxd4 Ndb4 8.
Nxc6 Qxd1+ 9. Kxd1 Nxc6 10. Bxc6+ bxc6 11. f3 e5 12. Be3 h5 13. Nc3 Be6 14. Bf2
Be7 15. Kc2 f5 16. Na4 Kf7 17. Nc5 h4 18. Nxe6 Kxe6 19. gxh4 Bxh4 20. Bc5 a6 21.
Rad1 Rad8 22. Rxd8 Bxd8 23. e4 Rh3 24. Rd1 Rxh2+ 25. Kc3 Be7 26. exf5+ Kf6 27.
Bxe7+ Kxe7 28. Rg1 Kf6 29. Rg6+ Kxf5 30. Rxg7 Rh3 31. Rf7+ Ke6 32. Rf8 e4 33.
Re8+ Kd5 34. Rd8+ Kc5 35. b4+ Kb6 36. Kd4 exf3 37. Rb8+ Kc7 38. Rf8 Kb6 39. Rb8+
Ka7 40. Rf8 Kb7 41. a4 Rh4+ 42. Kc5 Rh5+ 43. Kd4 a5 44. bxa5 Rxa5 45. Rxf3 Rxa4+
46. Kc5 Ra5+ 47. Kb4 Kb6 48. Rh3 Rg5 49. Rc3 c5+ 50. Ka4 Rg4+ 51. Kb3 Kb5 52.
Rh3 Rb4+ 53. Kc3 Ra4 54. Kb3 Rf4 55. Rh8 Rf3+ 56. Kc2 Kb4 57. Rb8+ Kc4 58. Rh8
Rf2+ 59. Kd1 Kb3 60. Rh3+ Kb2 61. Rh4 Rf5 62. Rc4 Rd5+ 63. Ke2 Kb3 64. Rc1 c4
65. Rb1+ Kc2 66. Rb8 Re5+ 67. Kf3 c3 68. Rc8 Kb2 69. Rb8+ Kc1 70. Rc8 c2 0-1

[Event "FIDE World Bl Team Pool B"]
[Site "London ENG"]
[Date "2025.06.14"]
[Round "9.5"]
[White "Divya, Deshmukh"]
[Black "Hng, Mei-Xian Eunice"]
[Result "1-0"]
[WhiteTitle "IM"]
[BlackTitle "WFM"]
[WhiteElo "2463"]
[BlackElo "2066"]
[WhiteTeam "Hexamind Chess Team"]
[BlackTeam "Oxbridge"]
[WhiteFideId "35006916"]
[BlackFideId "5806585"]
[EventDate "2025.06.14"]
[EventType "team"]

1. e4 d6 2. d4 c6 3. Nc3 Nd7 4. Nf3 Qc7 5. a4 Ngf6 6. Bc4 h6 7. O-O e5 8. a5 Be7
9. Re1 O-O 10. h3 Rb8 11. Be3 b5 12. axb6 axb6 13. d5 cxd5 14. Bxd5 Nc5 15. Qe2
Be6 16. Bxc5 bxc5 17. b3 Bxd5 18. exd5 Qb7 19. Qd3 Ra8 20. Nd2 Nd7 21. Nc4 f5
22. Qe2 Qb4 23. Na4 Nf6 24. Red1 Qb7 25. Nxc5 dxc5 26. Rxa8 Rxa8 27. d6 Bxd6 28.
Nxd6 Qe7 29. Nxf5 Qe6 30. Ne3 Ra2 31. Nc4 e4 32. Ne3 1-0

[Event "FIDE World Bl Team Pool B"]
[Site "London ENG"]
[Date "2025.06.14"]
[Round "9.1"]
[White "Adams, Michael"]
[Black "Turner, Matthew J"]
[Result "1/2-1/2"]
[WhiteTitle "GM"]
[BlackTitle "GM"]
[WhiteElo "2659"]
[BlackElo "2441"]
[WhiteTeam "Malcolm's Mates"]
[BlackTeam "Sassy Seniors"]
[WhiteFideId "400041"]
[BlackFideId "402893"]
[EventDate "2025.06.14"]
[EventType "team"]

1. e4 e5 2. Nf3 Nc6 3. Bb5 a6 4. Ba4 Nf6 5. d3 b5 6. Bb3 Be7 7. a4 Rb8 8. O-O
O-O 9. Nbd2 d6 10. Re1 Be6 11. Bxe6 fxe6 12. Nf1 h6 13. Ng3 Nh7 14. Be3 Ng5 15.
Nd2 Nf7 16. Qg4 Bg5 17. Qxe6 Bxe3 18. fxe3 Nb4 19. Rac1 bxa4 20. Rf1 Qe8 21. Qg6
Nh8 22. Rxf8+ Qxf8 23. Qg4 Nf7 24. Nf5 Kh7 25. Nc4 g6 26. Nh4 Ng5 27. Rf1 Qg7
28. Na3 Nc6 29. Nc4 Nb4 30. Rf2 Rf8 31. Nf3 Nxf3+ 32. gxf3 Qf7 33. Kg2 Qe7 34.
f4 exf4 35. exf4 d5 36. Ne5 Rf6 37. Qd7 Qxd7 38. Nxd7 Rd6 39. Nc5 dxe4 40. dxe4
Rc6 41. Nxa4 Rxc2 42. Rxc2 Nxc2 43. Nc5 a5 44. Nb7 a4 45. Nc5 a3 46. bxa3 Nxa3
47. Kf3 Nb5 48. h4 Kg7 49. e5 Kf7 50. Ke4 Nc3+ 51. Kd4 Ne2+ 52. Ke4 Nc3+ 53. Kf3
Nd5 54. Kg4 Ne3+ 55. Kf3 Nf5 56. Kg4 Ne3+ 57. Kf3 Nf5 58. Ke4 1/2-1/2

[Event "FIDE World Bl Team Pool B"]
[Site "London ENG"]
[Date "2025.06.14"]
[Round "9.2"]
[White "Dishman, Stephen"]
[Black "Vitiugov, Nikita"]
[Result "0-1"]
[WhiteTitle "FM"]
[BlackTitle "GM"]
[WhiteElo "2274"]
[BlackElo "2671"]
[WhiteTeam "Sassy Seniors"]
[BlackTeam "Malcolm's Mates"]
[WhiteFideId "403024"]
[BlackFideId "4152956"]
[EventDate "2025.06.14"]
[EventType "team"]

1. d4 Nf6 2. Nf3 e6 3. Bf4 d5 4. e3 c5 5. Nbd2 Nc6 6. c3 Nh5 7. Bg5 f6 8. Bh4 g6
9. a3 a5 10. Bb5 Bd7 11. O-O cxd4 12. cxd4 Qb6 13. Qa4 g5 14. Bg3 Nxg3 15. hxg3
g4 16. Ne1 Bd6 17. Rc1 h5 18. Nd3 Ke7 19. Rfe1 h4 20. gxh4 Rxh4 21. g3 Rh6 22.
Nc5 Rah8 23. Nf1 Bxc5 24. Rxc5 Be8 25. Qc2 Bg6 26. Bd3 Bxd3 27. Qxd3 Ne5 28. Qe2
Nf3+ 29. Kg2 Rh2+ 30. Nxh2 Rxh2+ 31. Kf1 Rh1+ 32. Kg2 Rxe1 0-1

[Event "FIDE World Bl Team Pool B"]
[Site "London ENG"]
[Date "2025.06.14"]
[Round "9.3"]
[White "Saric, Ivan"]
[Black "Vujatovic, Rajko"]
[Result "1-0"]
[WhiteTitle "GM"]
[WhiteElo "2661"]
[BlackElo "2222"]
[WhiteTeam "Malcolm's Mates"]
[BlackTeam "Sassy Seniors"]
[WhiteFideId "14508150"]
[BlackFideId "403393"]
[EventDate "2025.06.14"]
[EventType "team"]

1. e4 c5 2. Nf3 g6 3. c3 d5 4. e5 Bg7 5. d4 cxd4 6. cxd4 Bg4 7. Bb5+ Nc6 8.
Bxc6+ bxc6 9. Nbd2 Nh6 10. h3 Bxf3 11. Nxf3 O-O 12. O-O Qb6 13. Bf4 f6 14. exf6
exf6 15. Qd2 Nf7 16. Rac1 Rfe8 17. b3 Re4 18. Rfe1 Rae8 19. Qd3 Kf8 20. Bd2 f5
21. Qc3 R8e6 22. a4 Kg8 23. b4 a6 24. Red1 Bxd4 25. Nxd4 Qxd4 26. Qg3 Qe5 27.
Qd3 Re2 28. Be3 Ra2 29. Qxa6 Qb2 30. Rb1 Qe2 31. Qxe2 Rxe2 32. b5 cxb5 33. axb5
Nd6 34. b6 Nb7 35. Rxd5 f4 36. Bxf4 Re1+ 37. Rxe1 Rxe1+ 38. Kh2 Rb1 39. Be3 Kf8
40. Rd7 Na5 41. Rxh7 1-0

[Event "FIDE World Bl Team Pool B"]
[Site "London ENG"]
[Date "2025.06.14"]
[Round "9.4"]
[White "Lishoy Gengis Paratazham, Dildarav"]
[Black "McShane, Luke J"]
[Result "0-1"]
[BlackTitle "GM"]
[WhiteElo "2084"]
[BlackElo "2615"]
[WhiteTeam "Sassy Seniors"]
[BlackTeam "Malcolm's Mates"]
[WhiteFideId "491462"]
[BlackFideId "404853"]
[EventDate "2025.06.14"]
[EventType "team"]

1. e4 e5 2. Nf3 Nc6 3. Bc4 Nf6 4. d3 Bc5 5. c3 d6 6. Nbd2 O-O 7. O-O Bb6 8. Re1
Ne7 9. Nf1 Ng6 10. Ng3 h6 11. Bb3 Re8 12. Be3 Bxe3 13. fxe3 c6 14. d4 Qe7 15.
Bc2 a5 16. a4 Be6 17. Qe2 Qc7 18. Rab1 Rab8 19. b4 axb4 20. cxb4 d5 21. exd5
Nxd5 22. Bxg6 fxg6 23. Qc2 exd4 24. exd4 Nf4 25. b5 Bd5 26. Qc3 Rf8 27. Re3 g5
28. Rb2 Ra8 29. b6 Qd6 30. a5 Qf6 31. Rf2 g4 32. Ne4 Bxe4 33. Rxe4 Nd5 34. Qd2
Qg6 35. Re1 gxf3 36. g3 Qg4 37. Ref1 Rf5 38. Qd3 Rxa5 39. Rxf3 Rxf3 40. Rxf3
Ra1+ 41. Rf1 Rxf1+ 42. Kxf1 Qf5+ 43. Qxf5 Ne3+ 44. Ke2 Nxf5 45. Kd3 Kf7 46. Ke4
Ke6 47. Kd3 Kd5 48. Kc3 Nxd4 49. g4 c5 50. h4 Kc6 51. g5 Kxb6 52. gxh6 gxh6 53.
h5 Kc6 54. Kc4 b5+ 55. Kc3 Kd5 56. Kd3 b4 57. Ke3 b3 58. Kf4 b2 59. Kg4 b1=Q 60.
Kf4 Qf5+ 61. Kg3 c4 62. Kg2 Qf3+ 63. Kh2 Qg4 64. Kh1 c3 65. Kh2 Nf3+ 66. Kh1
Qh3# 0-1

[Event "FIDE World Bl Team Pool B"]
[Site "London ENG"]
[Date "2025.06.14"]
[Round "9.5"]
[White "Bulmaga, Irina"]
[Black "Dishman, Matthew"]
[Result "1-0"]
[WhiteTitle "IM"]
[WhiteElo "2393"]
[BlackElo "1978"]
[WhiteTeam "Malcolm's Mates"]
[BlackTeam "Sassy Seniors"]
[WhiteFideId "13903063"]
[BlackFideId "438642"]
[EventDate "2025.06.14"]
[EventType "team"]

1. e4 e5 2. Nf3 Nc6 3. d4 exd4 4. Nxd4 Nf6 5. Nxc6 bxc6 6. Nd2 d6 7. Bd3 g6 8.
O-O Bg7 9. f4 O-O 10. Qf3 Rb8 11. Rb1 c5 12. b3 Nd7 13. Bb2 Bxb2 14. Rxb2 Bb7
15. Rbb1 Re8 16. Rbe1 Qf6 17. Kh1 Qc3 18. Re2 Nf6 19. Rfe1 d5 20. e5 Nd7 21. Qg4
Nf8 22. f5 Qd4 23. Qg3 Nd7 1-0

[Event "FIDE World Bl Team Pool B"]
[Site "London ENG"]
[Date "2025.06.14"]
[Round "9.6"]
[White "Regan, Natasha K"]
[Black "Omarov, Murat"]
[Result "1-0"]
[WhiteTitle "WIM"]
[WhiteElo "2064"]
[BlackElo "1823"]
[WhiteTeam "Sassy Seniors"]
[BlackTeam "Malcolm's Mates"]
[WhiteFideId "403067"]
[BlackFideId "13731173"]
[EventDate "2025.06.14"]
[EventType "team"]

1. Nf3 Nf6 2. c4 g6 3. b4 Bg7 4. Bb2 d6 5. g3 a5 6. b5 e5 7. d3 O-O 8. Bg2 Nbd7
9. Nc3 Rb8 10. O-O b6 11. e3 Bb7 12. d4 Qe7 13. a4 Rbd8 14. Qe2 Rfe8 15. dxe5
dxe5 16. Ba3 Nc5 17. Rad1 Bf8 18. Nd2 Bxg2 19. Kxg2 Qe6 20. Bxc5 Bxc5 21. Nde4
Nd7 22. Nd5 Rc8 23. Qf3 f5 24. Ng5 Qd6 25. g4 e4 26. Qh3 Nf8 27. gxf5 Re5 28.
Kh1 Rxf5 29. Nf4 Qe7 30. Rd5 Rxd5 31. Nxd5 Qxg5 1-0

[Event "FIDE World Bl Team Pool B"]
[Site "London ENG"]
[Date "2025.06.14"]
[Round "9.1"]
[White "Martinez Alcantara, Jose Eduardo"]
[Black "Rakotomaharo, Fy Antenaina"]
[Result "1-0"]
[WhiteTitle "GM"]
[BlackTitle "IM"]
[WhiteElo "2611"]
[BlackElo "2441"]
[WhiteTeam "Theme International Trading"]
[BlackTeam "Mother Continent"]
[WhiteFideId "3805662"]
[BlackFideId "13100050"]
[EventDate "2025.06.14"]
[EventType "team"]

1. c4 e6 2. Nf3 d5 3. g3 Nf6 4. Bg2 Be7 5. O-O O-O 6. d3 Re8 7. Nc3 Bf8 8. e3 c5
9. cxd5 exd5 10. d4 Nc6 11. dxc5 Bxc5 12. b3 Bg4 13. Na4 Bf8 14. Bb2 Ne4 15. h3
Bh5 16. Nc3 Nxc3 17. Bxc3 Rc8 18. Qd2 Qd7 19. Rad1 Rcd8 20. Kh2 a6 21. Qb2 Qc7
22. Rc1 Qb8 23. b4 Qd6 24. a3 Qb8 25. a4 Bg6 26. b5 axb5 27. axb5 Ne7 28. Be5
Qa7 29. Nd4 Rc8 30. Bd6 Qb6 31. Qb4 Be4 32. Bxe7 Bxe7 33. Qxe7 Rf8 34. Bxe4 1-0

[Event "FIDE World Bl Team Pool B"]
[Site "London ENG"]
[Date "2025.06.14"]
[Round "9.2"]
[White "Mhango, Banele"]
[Black "Jumabayev, Rinat"]
[Result "1/2-1/2"]
[WhiteTitle "FM"]
[BlackTitle "GM"]
[WhiteElo "2236"]
[BlackElo "2546"]
[WhiteTeam "Mother Continent"]
[BlackTeam "Theme International Trading"]
[WhiteFideId "14327040"]
[BlackFideId "13702661"]
[EventDate "2025.06.14"]
[EventType "team"]

1. Nf3 Nf6 2. g3 d5 3. Bg2 c6 4. O-O Bf5 5. d3 h6 6. c4 e6 7. Nc3 Be7 8. cxd5
exd5 9. Nd4 Bh7 10. e4 dxe4 11. dxe4 Nbd7 12. Qe2 Ne5 13. Rd1 Qb6 14. h3 Rd8 15.
Bf4 Rxd4 16. Bxe5 Rxd1+ 17. Rxd1 O-O 18. Bd4 c5 19. Be3 Qe6 20. Bf4 g5 21. Bc1
Rd8 22. Rxd8+ Bxd8 23. e5 Nd7 24. f4 c4 25. Kh2 Bd3 26. Qf3 Nc5 27. Be3 b6 28.
Qa8 Qd7 29. fxg5 Ne6 30. Nd5 Kh7 31. Nf6+ Bxf6 32. gxf6 Bg6 33. Bd5 Nd8 34. Bxc4
Qd1 35. Qd5 Qc2+ 36. Kg1 Ne6 37. Bb3 Qb1+ 38. Qd1 Qxb2 39. Bxe6 Qxe5 40. Qd4
Qxg3+ 41. Kf1 Qf3+ 42. Kg1 Qg3+ 43. Kf1 Qf3+ 44. Kg1 Qg3+ 45. Kf1 1/2-1/2

[Event "FIDE World Bl Team Pool B"]
[Site "London ENG"]
[Date "2025.06.14"]
[Round "9.3"]
[White "Tin, Jingyao"]
[Black "George Samir, David"]
[Result "1-0"]
[WhiteTitle "GM"]
[BlackTitle "FM"]
[WhiteElo "2583"]
[BlackElo "2356"]
[WhiteTeam "Theme International Trading"]
[BlackTeam "Mother Continent"]
[WhiteFideId "5804418"]
[BlackFideId "10657789"]
[EventDate "2025.06.14"]
[EventType "team"]

1. d4 Nf6 2. c4 e6 3. Nc3 Bb4 4. e3 Bxc3+ 5. bxc3 d5 6. cxd5 exd5 7. Bd3 O-O 8.
Ne2 b6 9. O-O Ba6 10. f3 Bxd3 11. Qxd3 Re8 12. Ng3 h5 13. e4 h4 14. Nf5 dxe4 15.
fxe4 Nxe4 16. Qf3 Qf6 17. Re1 Qc6 18. Bh6 gxh6 19. Qg4+ Qg6 20. Rxe4 Nc6 21. Rf1
Kh7 22. Qxh4 Rxe4 23. Qxe4 Rg8 24. g3 Nd8 25. Qf3 Ne6 26. Ne7 Ng5 27. Qg2 Qe6
28. Nxg8 Kxg8 29. h4 Qe3+ 30. Kh2 Ne6 31. Qf3 Qxf3 32. Rxf3 Kg7 33. Kg2 Kg6 34.
g4 c5 35. d5 Nd8 36. Re3 Kf6 37. Kf3 Nb7 38. Kf4 Nd6 39. a4 a6 40. g5+ hxg5+ 41.
hxg5+ Kg6 42. Re7 b5 43. Rc7 bxa4 44. Rc6 a3 45. Rxd6+ Kg7 46. Rxa6 1-0

[Event "FIDE World Bl Team Pool B"]
[Site "London ENG"]
[Date "2025.06.14"]
[Round "9.4"]
[White "Wanyama, Harold"]
[Black "Siddharth, Jagadeesh"]
[Result "1/2-1/2"]
[WhiteTitle "FM"]
[BlackTitle "GM"]
[WhiteElo "2143"]
[BlackElo "2461"]
[WhiteTeam "Mother Continent"]
[BlackTeam "Theme International Trading"]
[WhiteFideId "10000380"]
[BlackFideId "5818320"]
[EventDate "2025.06.14"]
[EventType "team"]

1. d4 d5 2. c4 e6 3. g3 Nf6 4. Bg2 Be7 5. Nf3 O-O 6. O-O Nc6 7. Nbd2 b6 8. b3
Bb7 9. Bb2 a5 10. a3 Ne4 11. Rc1 f5 12. e3 Bd6 13. Ne1 Qe7 14. Nb1 a4 15. cxd5
exd5 16. b4 Nd8 17. Nd3 Nf7 18. Re1 g5 19. f3 Nf6 20. Nc3 g4 21. f4 h5 22. Nxa4
h4 23. Nc3 Qe6 24. Ne5 Nh5 25. Kf2 Rae8 26. Nb5 Qe7 27. Qc2 Bxe5 28. dxe5 c6 29.
Nd4 Nxe5 30. Nxf5 Qh7 31. Nxh4 Nd3+ 32. Kg1 Nxc1 33. Rxc1 Qxc2 34. Rxc2 Rxe3 35.
Ng6 Rfe8 36. Ne5 Nf6 37. a4 Rb3 38. a5 Rxb4 39. a6 Bxa6 40. Nxc6 Rxb2 41. Rxb2
Re6 42. Rxb6 Bc4 43. Rb8+ Kh7 44. Ne5 Ra6 45. Rb2 Ra1+ 46. Kf2 Kg7 47. Nxc4 dxc4
48. Rc2 Ra4 49. Ke3 Kg6 50. Kd4 Kf5 51. Bc6 Ra1 52. Kxc4 Rd1 53. Kc5 Ng8 54.
Bd7+ Rxd7 55. Kc6 Rd3 56. Rc5+ Kf6 57. Rg5 Nh6 58. Rh5 Nf5 59. Rh8 Rd6+ 60. Kc5
Rd3 61. h3 gxh3 62. Rxh3 Nxg3 63. Kc4 Ra3 64. Kb5 Kf5 65. Kb4 Rf3 66. Kb5 Kg4
67. Rh8 Nf5 68. Kc5 Rd3 69. Kb5 Kf3 70. Rf8 Ke4 71. Re8+ Kd5 72. Re5+ Kd6 73.
Rxf5 Rd5+ 74. Rxd5+ Kxd5 1/2-1/2

[Event "FIDE World Bl Team Pool B"]
[Site "London ENG"]
[Date "2025.06.14"]
[Round "9.5"]
[White "Gong, Qianyun"]
[Black "QUICKPEN, Deborah Ebimobo-ere"]
[Result "0-1"]
[WhiteTitle "WGM"]
[BlackTitle "WCM"]
[WhiteElo "2228"]
[BlackElo "2081"]
[WhiteTeam "Theme International Trading"]
[BlackTeam "Mother Continent"]
[WhiteFideId "8602425"]
[BlackFideId "8511616"]
[EventDate "2025.06.14"]
[EventType "team"]

1. e4 c5 2. Nf3 Nc6 3. Bb5 g6 4. O-O Bg7 5. c3 Nf6 6. Re1 O-O 7. d4 d5 8. e5 Ne4
9. Bxc6 bxc6 10. Be3 Qb6 11. b3 cxd4 12. cxd4 Bf5 13. Nbd2 Bg4 14. Qc1 Bxf3 15.
Nxf3 Rfc8 16. Nd2 Nxd2 17. Qxd2 e6 18. Rac1 Bf8 19. Qc2 Ba3 20. Rcd1 c5 21. Qe2
cxd4 22. Bxd4 Bc5 23. Bb2 Bb4 24. Rf1 Qa5 25. Bd4 Rc6 26. h4 Bc3 27. h5 Bxd4 28.
Rxd4 Qc3 29. Rf4 d4 30. Rd1 Rd8 31. Kh2 d3 32. Qe3 d2 33. Qe2 Qc2 34. hxg6 hxg6
35. Rc4 Rxc4 36. bxc4 Kg7 37. g3 Qxa2 38. Kg2 Qc2 39. Qf3 Kg8 40. Qe2 a5 41. c5
a4 42. c6 Qxc6+ 43. f3 Qc2 44. Kf2 a3 0-1

[Event "FIDE World Bl Team Pool B"]
[Site "London ENG"]
[Date "2025.06.14"]
[Round "9.6"]
[White "Amoako Philip Selikem Yao"]
[Black "Zhang, Changjie"]
[Result "1-0"]
[WhiteElo "1948"]
[BlackElo "1808"]
[WhiteTeam "Mother Continent"]
[BlackTeam "Theme International Trading"]
[WhiteFideId "12602256"]
[BlackFideId "5801877"]
[EventDate "2025.06.14"]
[EventType "team"]

1. e4 e6 2. d4 d5 3. Bd3 c5 4. c3 Nc6 5. Ne2 Qb6 6. O-O Nh6 7. exd5 exd5 8. Re1
Be6 9. Nf4 Kd7 10. Qf3 Ne7 11. dxc5 Qxc5 12. Nxe6 fxe6 13. Be3 Qc6 14. Bxh6 gxh6
15. Qf6 Rg8 16. Bxh7 Rg5 17. h4 Bg7 18. Qf4 Ng6 19. Bxg6 Rxg6 20. Qf7+ Kd6 21.
Qxg6 Be5 22. Nd2 Rf8 23. Rxe5 Kxe5 24. Re1+ Kf4 25. g3# 1-0

[Event "FIDE World Bl Team Pool B"]
[Site "London ENG"]
[Date "2025.06.14"]
[Round "9.1"]
[White "Gallana, Marco"]
[Black "Murawski, Jan"]
[Result "1-0"]
[BlackTitle "CM"]
[WhiteElo "2215"]
[BlackElo "2164"]
[WhiteTeam "Hammersmith Chess Club"]
[BlackTeam "UK Chess Challenge Masters"]
[WhiteFideId "824542"]
[BlackFideId "21009287"]
[EventDate "2025.06.14"]
[EventType "team"]

1. d4 Nf6 2. c4 a6 3. Nc3 b5 4. Nf3 b4 5. Nb1 e6 6. g3 Bb7 7. Bg2 Be7 8. O-O O-O
9. Nbd2 Qc8 10. Qc2 d6 11. e4 Nbd7 12. Re1 e5 13. d5 c6 14. Qd1 cxd5 15. cxd5
Nc5 16. Nh4 g6 17. Nf1 a5 18. Bh6 Rd8 19. Rc1 Qd7 20. h3 Ba6 21. Re3 Bf8 22. Bg5
Bg7 23. Kh2 h6 24. Bxf6 Bxf6 25. Nf3 Rac8 26. h4 Qe7 27. Bh3 Rb8 28. Qd2 a4 29.
h5 Kg7 30. hxg6 fxg6 31. Kg2 Rf8 32. a3 bxa3 33. Rxa3 Nxe4 34. Qa5 Nc5 35. Rxc5
dxc5 36. Qxa6 Rxb2 37. d6 Qd8 38. d7 e4 39. N3d2 Bd4 40. Nxe4 Rbxf2+ 41. Nxf2
Rxf2+ 42. Kh1 h5 43. Qe6 h4 44. Qe8 Rf8 45. Qe6 hxg3 46. Rxg3 Rf6 47. Qe8 Qb6
48. d8=Q Qb7+ 49. Bg2 Rxf1+ 50. Kh2 Bg1+ 51. Kh3 Qb1 52. Qh8+ 1-0